| 000 | 00472cam a2200193ua 4500 | ||
|---|---|---|---|
| 001 | 5721 | ||
| 008 | 131025n ii |||gr||||Z||||||asm | ||
| 020 | _a81-7339-179-3 | ||
| 040 | _cMAIN | ||
| 082 | _a954 | ||
| 100 |
_aBarua,Prafulla kumar, _eAuthor. |
||
| 245 |
_aHistory of India _cby Prafulla Kumar Barua |
||
| 250 | _a4th Ed. | ||
| 260 |
_aGuwahati: _bBanalata, _c1997. |
||
| 300 | _a344p. | ||
| 653 | _aSouth Asia India | ||
| 653 | _aHistory of India | ||
| 942 | _cBK | ||
| 999 |
_c4879 _d4879 |
||